Pokémon - Les attaques de Arcko - Statistiques

Statistiques générales
  • Ce quiz a été pris 43 fois
  • Le résultat moyen est 7 sur 15
Statistiques - réponses
Niveaux Types Noms des attaques % Correct
Départ Normal Écras'Face
86%
Départ Normal Groz'Yeux
83%
Niveau 9 Plante Méga-Sangsue
66%
Niveau 6 Normal Vive-Attaque
66%
Niveau 21 Plante Giga-Sangsue
62%
Niveau 3 Plante Feuillage
55%
Niveau 12 Combat Détection
52%
Niveau 30 Plante Éco-Sphère
52%
Niveau 39 Plante Tempête Verte
45%
Niveau 24 Normal Souplesse
34%
Niveau 33 Normal Grincement
24%
Niveau 18 Ténèbres Assurance
21%
Niveau 27 Normal Reflet
21%
Niveau 15 Combat Prévention
17%
Niveau 36 Normal Effort
14%
Aucun quiz correspondant
Distribution des résultats
% des personnes avec chaque résultat
Percentile par nombre de réponses
Votre historique - résultats
Vous n’avez pas pris ce quiz